| 000 | 00566nam a22001937a 4500 | ||
|---|---|---|---|
| 999 |
_c6505 _d6505 |
||
| 001 | 1411 | ||
| 003 | BD-DhUAP | ||
| 005 | 20210110102453.0 | ||
| 008 | 210103s1997 us ||||| |||| 00| 0 eng d | ||
| 020 | _a0877797102 | ||
| 040 |
_aBD-DhUAP _bEng _cBD-DhUAP _dBD-DhUAP |
||
| 082 |
_223 _a423 MER |
||
| 245 | _aMerriam-Webster's collegiate dictionary. | ||
| 260 |
_aSpringfield, Massachusetts, U.S.A. : _bMerriam-Webster, _cc1997. |
||
| 300 |
_a1559 pages ; _c25 cm. |
||
| 650 |
_aEnglish language _vDictionaries. |
||
| 710 | _aMerriam-Webster, Inc. | ||
| 942 |
_2ddc _cREF |
||